| 000 | 01147nam a2200253 a 4500 | ||
|---|---|---|---|
| 001 | 000025855 | ||
| 005 | 20200930024112.0 | ||
| 008 | 110223s1973 mx r 000 0 spa d | ||
| 040 |
_aDO-SdBNP _bspa _cBNPHU |
||
| 041 | 1 | 7 |
_aspa _heng _2Código de idiomas MARC |
| 082 |
_ann* _bnn* |
||
| 100 | 1 |
_aRicardo, David. _952691 |
|
| 240 | 1 | 4 |
_aThe works and correspondence of David Ricardo, vol. I: on the principles of political economy and taxation. _lEspañol |
| 245 | 1 | 0 |
_aPrincipios de economía política y tributación / _cDavid Ricardo ; traducción de Juan Broc B., Nelly Wolff y Julio Estrada M. |
| 260 |
_aMéxico, D. F. : _bFondo de Cultura Económica, _c1973. |
||
| 300 |
_av. ; _c21 cm. |
||
| 500 | _aLa biblioteca sólo posee el volumen 1. | ||
| 500 | _aIncluye índice analítico. | ||
| 534 |
_aTítulo original : _tThe works and correspondence of David Ricardo, vol. I: on the principles of political economy and taxation |
||
| 500 | _aIncluyes referencias bibliográficas y notas al pie de las páginas. | ||
| 700 | 1 |
_aBroc B., Juan, _etr. _952692 |
|
| 700 | 1 |
_aWolff, Nelly, _etr. _952693 |
|
| 700 | 1 |
_aEstrada M., Julio, _etr. _952694 |
|
| 999 |
_c25347 _d25347 |
||